|
|
|
|
| LEADER |
00000cas a2200000 a 4500 |
| 001 |
vtls001280255 |
| 003 |
SK-MaSNL |
| 005 |
20260228163724.0 |
| 008 |
970317d19901993xo zx|p 0 0b0slo |
| 035 |
|
|
|a SNK000231631
|
| 040 |
|
|
|a SNK
|b slo
|c SNK
|e AACR2
|
| 041 |
0 |
|
|a slo
|
| 044 |
|
|
|a xo
|c SK
|
| 072 |
|
7 |
|a 63
|x Poľnohospodárstvo a príbuzné oblasti vedy a techniky
|2 konspekt
|
| 072 |
|
7 |
|a 612
|x Fyziológia človeka a porovnávacia fyziológia
|2 konspekt
|
| 080 |
|
|
|a 63
|2 2011
|
| 080 |
|
|
|a 612.3
|2 2011
|
| 080 |
|
|
|a 050
|2 2001
|
| 080 |
|
|
|a (051)-048.55
|2 2011
|
| 245 |
0 |
0 |
|a Vestník Ministerstva poľnohospodárstva a výživy Slovenskej republiky
|
| 246 |
1 |
3 |
|a Vestník Ministerstva poľnohospodárstva a výživy SR
|
| 260 |
|
|
|a Bratislava
|b Ministerstvo poľnohospodárstva a výživy SR
|c 1990-1993
|
| 300 |
|
|
|a zv.
|
| 310 |
|
|
|a Nepravidelne
|
| 362 |
0 |
|
|a 1990-1993
|
| 650 |
0 |
7 |
|a poľnohospodárstvo
|2 SNKPH
|9 679
|
| 650 |
0 |
7 |
|a výživa
|2 SNKPH
|9 2615
|
| 655 |
|
7 |
|a špecializované časopisy
|2 SNKPH
|9 70509
|
| 780 |
0 |
0 |
|t Vestník Ministerstva poľnohospodárstva a výživy Slovenskej socialistickej republiky
|
| 785 |
0 |
0 |
|t Vestník Ministerstva pôdohospodárstva Slovenskej republiky
|
| 850 |
|
|
|a Slovenská národná knižnica v Martine
|
| 910 |
|
|
|a snk
|
| 999 |
|
|
|c 10568
|d 12498
|
| 952 |
|
|
|0 0
|1 0
|4 0
|7 0
|a SNK
|b SNK
|d 1997-03-17
|l 0
|o snkČSB 2256/22/1990
|p 17A0055815
|r 2005-01-02 00:00:00
|w 2026-02-21
|y PREZ
|
| 952 |
|
|
|0 0
|1 0
|4 0
|7 0
|a SNK
|b SNK
|d 1997-05-14
|l 0
|o snkČSB 2256/24/1992 D1
|p 17A0065024
|r 2005-01-02 00:00:00
|w 2026-02-21
|y PREZ
|
| 952 |
|
|
|0 0
|1 0
|4 0
|7 0
|a SNK
|b SNK
|d 1997-05-15
|l 0
|o snkČSB 2256/24/1992
|p 17A0067354
|r 2005-01-02 00:00:00
|w 2026-02-21
|y PREZ
|